Mangas et anime - Quiz par lettre - C - Statistiques

Statistiques générales
  • Ce quiz a été pris 639 fois
  • Le résultat moyen est 10 sur 20
Statistiques - réponses
Indice Réponse % Correct
L'anime dont le protagoniste est Lelouch VI Britannia Code Geass
85%
Le thème principal de Food Wars Cuisine
80%
Dans Naruto, il est indispensable à la réalisation des techniques ninjas Chakra
78%
Plateforme américaine qui s'est spécialisée dans le simulcast d'anime Crunchyroll
78%
Personnage de One Piece qui a mangé le Fruit des Sables Crocodile
75%
Pays qui produit les Manhua Chine
74%
Méchant de DragonBall qui atteint sa forme parfaite en absorbant C17 et C18 Cell
73%
Dans la version française de Saint Seiya, les Saints sont appelés _______ Chevaliers
67%
Dans Naruto, Gamabunta est un de ces animaux Crapaud
64%
Le nom original d'Olive et Tom Captain Tsubasa
64%
Sport pratiqué dans Yowamushi Pedal Cyclisme
58%
Complétez le titre de cet animé des studios Manglobe: Samuraï _______ Champloo
55%
Dans Pokémon, c'est le premier Pokémon que Sacha attrape avec une Pokéball Chenipan
52%
Le titre original de Nicky Larson City Hunter
45%
Pratique au centre du manga Tiger Mask Catch
23%
Complétez ce titre: Le ______ Fou, Fou, Fou Collège
22%
Anime des studios Key dont la saison 2 est connue avec le sous-titre After Story Clannad
20%
Dans FullMetal: Alchemist, cette ville est la capitale d'Amestris Central City
12%
Collectif d'autrices derrière Cardcaptor Sakura, X et Tsubasa - RESERVoir CHRoNiCLE CLAMP
12%
Rival de Jaden dans Yu-Gi-Oh! GX, utilisant notamment les decks "Ojama" et "Dragon Armé" Chad Princeton
6%
Aucun quiz correspondant
Distribution des résultats
% des personnes avec chaque résultat
Percentile par nombre de réponses
Votre historique - résultats
Vous n’avez pas pris ce quiz